000 00341nam a2200121Ia 4500
008 230907s9999||||xx |||||||||||||| ||und||
082 _a332.1091767
_bABD
100 _aAbdul-Rahman, Yahia,
_9115879
245 4 _aThe art of Islamic banking and finance :
260 _aWiley,
_bHoboken, N.J. :
_c2010
300 _axxxv, 396 p. :
942 _cBK
999 _c600044
_d600044